| 000 | 00833nam a2200265 i 4500 | ||
|---|---|---|---|
| 001 | 6707 | ||
| 003 | ES-MaACL | ||
| 005 | 20250721193126.0 | ||
| 007 | t| | ||
| 008 | 900301s1989 sp ||||1| spa d | ||
| 020 | _a84-86104-20-3 | ||
| 080 | _a159.964.2 | ||
| 100 | 1 |
_aOgden, Thomas H. _986567 |
|
| 245 | 1 | 3 |
_aLa Matriz de la mente _b: las relaciones de objeto y el dialogo psicoanalitico / _cThomas H. Ogden. |
| 260 |
_aMadrid : _bTecnipublicaciones, _cD.L. 1989. |
||
| 300 |
_a209 p. ; _c23 cm. |
||
| 490 | 1 |
_aContinente-contenido ; _v15 |
|
| 500 | _aIndices. | ||
| 504 | _aBibliogr.: p. 191-200. | ||
| 650 | 1 | 4 |
_aPsicoanálisis. _916530 |
| 650 | 7 |
_aEnfermedades mentales _2embne _912263 |
|
| 830 | 0 |
_aContinente-contenido ; _v15 _9177309 |
|
| 852 |
_aES-MaACL _jL-13897 _bR.117501 _z. - rust. |
||
| 999 |
_c6707 _d6707 |
||